| 000 | 00551nam a2200205Ia 4500 | ||
|---|---|---|---|
| 003 | OSt | ||
| 005 | 20260309092652.0 | ||
| 008 | 210210b1994 xxu||||| |||| 00| 0 eng d | ||
| 040 | _cAL | ||
| 041 | _aHindi | ||
| 082 | _a863/98 | ||
| 100 |
_aSHARMA (Satya Narayan) _dशर्मा (सत्य नारायण _9258216 |
||
| 245 |
_aMalati madhav _bमालती माधव |
||
| 260 |
_aAgra _b- _c1994 |
||
| 650 |
_aMalati _9258217 |
||
| 650 |
_amadhav _9258218 |
||
| 690 |
_aHindi Drama _9258219 |
||
| 906 | _a023475 | ||
| 942 |
_2ddc _cBK |
||
| 999 |
_c148445 _d148445 |
||